|
|
|
|
| LEADER |
00000nam a2200000 4500 |
| 001 |
vtls011766235 |
| 003 |
SK-MaSNL |
| 005 |
20260425230731.0 |
| 008 |
180711s2018 xo f 000 0 slo |
| 020 |
|
|
|a 9788081620423
|q (brožované)
|z 9788011620424
|
| 040 |
|
|
|a SNK
|b slo
|c SNK
|e rda
|
| 041 |
0 |
|
|a slo
|
| 043 |
|
|
|a e-xo---
|
| 044 |
|
|
|a xo
|c SK
|
| 072 |
|
7 |
|a 349
|x Pracovné, sociálne, stavebné právo. Právo životného prostredia
|2 konspekt
|
| 072 |
|
7 |
|a 332
|x Regionálna ekonómia, regionálna ekonomika
|2 konspekt
|
| 080 |
|
|
|a 349.41
|2 2011
|
| 080 |
|
|
|a 349.412
|2 2011
|
| 080 |
|
|
|a 332.21/.25
|2 2011
|
| 080 |
|
|
|a 332.3
|2 2011
|
| 080 |
|
|
|a (437.6)
|2 2011
|
| 080 |
|
|
|a (094.5)
|2 2011
|
| 080 |
|
|
|a (035)
|2 2011
|
| 245 |
0 |
0 |
|a Pozemkové spoločenstvá bez chýb, pokút a penále po ostatnej novele k 1.7.2018
|c zodpovedná redaktorka Stanislava Kresaňová
|
| 264 |
|
1 |
|a Žilina
|b Poradca s. r. o.
|c 2018
|
| 300 |
|
|
|a 175 strán
|c 21 cm
|
| 336 |
|
|
|a text
|b txt
|2 rdacontent
|
| 337 |
|
|
|a bez média
|b n
|2 rdamedia
|
| 338 |
|
|
|a zväzok
|b nc
|2 rdacarrier
|
| 500 |
|
|
|a Názov z obalu
|
| 504 |
|
|
|a Obsahuje slovník odborných pojmov
|
| 650 |
0 |
7 |
|a pozemkové právo
|2 SNKPH
|9 4650
|
| 650 |
0 |
7 |
|a pozemkové vlastníctvo
|2 SNKPH
|9 69378
|
| 650 |
0 |
7 |
|a pozemkové úpravy
|2 SNKPH
|9 29536
|
| 650 |
0 |
7 |
|a pozemkové spoločenstvá
|2 SNKPH
|9 340403
|
| 651 |
|
7 |
|a Slovensko
|2 SNKPH
|9 14231
|
| 655 |
|
7 |
|a zákony
|2 SNKPH
|9 70186
|
| 655 |
|
7 |
|a príručky
|2 SNKPH
|9 74364
|
| 700 |
1 |
|
|a Kresaňová, Stanislava
|4 lso
|9 270411
|
| 919 |
|
|
|a 978-808162-042-3
|
| 999 |
|
|
|c 684270
|d 686200
|
| 952 |
|
|
|t snkPOZ 349.41
|a SNKUST
|b SNKUST
|y PREZ
|7 0
|p 17A1372563
|o snkSC 184734 D2
|i snk2019/15046
|8 3
|g 6.15
|0 0
|1 0
|4 0
|d 2019-06-03
|l 0
|r 2025-03-21 00:00:00
|w 2026-02-23
|